000 00505nam a22001697a 4500
005 20251108165032.0
008 250721s1991 xx 000 0 ara d
082 1 4 _a956.203/فتح
100 1 _aالسعودي، فتحية
245 1 0 _aأيام الجمر حصار بيروت 1982 :
_bحصار بيروت 1982 /
264 1 _aعمان :
_bدار المدى،
_c1991.
300 _a159ص
650 1 7 _aتاريخ لبنان
650 1 7 _aغزو لبنان 1982
942 _2ddc
_cBK
999 _c20529
_d20529